000 01850cam a22004814i 4500
003 PE-LiUPU
005 20250731173110.0
008 181217s2018 miu r 001 0 eng
020 _a080109979X
020 _a9780801099793
035 _a(Sirsi) a251070
049 _aPRUA
082 0 4 _a266
_bS82
_223
100 1 _aStone, Bryan P.,
_d1959-,
_eautor.
245 1 0 _aEvangelism after pluralism :
_bthe ethics of Christian witness /
_cBryan Stone.
264 1 _aGrand Rapids :
_bBaker Academic,
_c[2018].
300 _avii, 151 páginas ;
_c22 centímetros.
336 _atext
_2rdacontent
337 _aunmediated
_2rdamedia
338 _avolume
_2rdacarrier
504 _aÍndice: páginas 149-151.
505 0 _aCompeting for space in the world -- On ethics, evangelism, and proselytism -- Evangelism, empire, and rival citizenships -- The ecclesiality of salvation -- Evangelism and pluralism in the nation-state and military -- Evangelism and nonviolence -- The pluralism of consumer culture -- Evangelism and pluralistic theologies of religion -- Evangelism and beauty.
526 _aSEG42
526 _aSEG41
526 _aSEG40
526 _aSEG39
526 _aP94
526 _aP87
526 _aP86
526 _aP85
526 _aP77
526 _aP76
526 _aP35
650 0 _aPluralismo cultural
_xAspectos religiosos
_xCristianidad.
650 4 _aObra evangelística.
650 4 _aMisiones.
910 _adbm
_brri
_crri
_d20181217
942 _2ddc
_cBOOK
994 _aC0
_bPEPRU
596 _a1
999 _a266 S82
_wDEWEY
_c30521
_i79357
_f2021-11-10
_g4
_lCCODEBUL1
_mBUL
_p13.00
_r0
_sY
_tBOOK
_u2018-12-17
_xTEOLOGIA
_PP85
_0DONACION
_1FCOMPR2
_o.STAFF. Colección Teología
_d30521
980 _81
_gALBERTO SANCHEZ Responsable de Automatización